Ảnh hưởng của các nguồn cơ chất đến sinh trưởng và năng suất nấm rơm (Volvariella volvacea) trong điều kiện ngoài trời : Luận văn tốt nghiệp Cao học. Chuyên ngành Khoa học cây trồng

Nghiên cứu nhằm tìm ra ưu điểm của cơ chất trồng nấm rơm từ giống lúa Đài Thơm 8 và Jasmine 85 kết hợp với biện pháp canh tác trong sản xuất lúa.

সংরক্ষণ করুন:
গ্রন্থ-পঞ্জীর বিবরন
প্রধান লেখক: Bùi, Trần Ngân Phượng
বিন্যাস: গ্রন্থ
ভাষা:Undetermined
প্রকাশিত: Cần Thơ Trường Đại học Cần Thơ 2019
বিষয়গুলি:
ট্যাগগুলো: ট্যাগ যুক্ত করুন
কোনো ট্যাগ নেই, প্রথমজন হিসাবে ট্যাগ করুন!
Thư viện lưu trữ: Trung tâm Học liệu Trường Đại học Cần Thơ
LEADER 01140nam a2200217Ia 4500
001 CTU_232501
008 210402s9999 xx 000 0 und d
082 |a 635.8 
082 |b Ph561 
088 |a 8620110 
100 |a Bùi, Trần Ngân Phượng 
245 0 |a Ảnh hưởng của các nguồn cơ chất đến sinh trưởng và năng suất nấm rơm (Volvariella volvacea) trong điều kiện ngoài trời : 
245 0 |b Luận văn tốt nghiệp Cao học. Chuyên ngành Khoa học cây trồng 
245 0 |c Bùi Trần Ngân Phượng ; Lê Vĩnh Thúc (Cán bộ hướng dẫn) 
260 |a Cần Thơ 
260 |b Trường Đại học Cần Thơ 
260 |c 2019 
520 |a Nghiên cứu nhằm tìm ra ưu điểm của cơ chất trồng nấm rơm từ giống lúa Đài Thơm 8 và Jasmine 85 kết hợp với biện pháp canh tác trong sản xuất lúa. 
650 |a Trồng nấm,Mushroom culture 
910 |b nthai 
980 |a Trung tâm Học liệu Trường Đại học Cần Thơ